000 00314nam a2200145Ia 4500
100 _aDwivedi/ S.L.Pub.
650 _aGeneral
942 _cBK
654 _aAct
245 _aIndustrial disputes act 1947
260 _bLabour law agency
_aBombay
_c1981
082 _a344.018
300 _a116
546 _aENGLISH
999 _c33702
_d33702